Deceived / (Record no. 1221)
[ view plain ]
| 000 -LEADER | |
|---|---|
| fixed length control field | 00835cam a2200289 a 4500 |
| 001 - CONTROL NUMBER | |
| control field | 4954229 |
| 003 - CONTROL NUMBER IDENTIFIER | |
| control field | OCoLC |
| 005 - DATE AND TIME OF LATEST TRANSACTION | |
| control field | 20180908144003.0 |
| 008 - FIXED-LENGTH DATA ELEMENTS--GENERAL INFORMATION | |
| fixed length control field | 790621s1979 njua 000 0 eng |
| 010 ## - LIBRARY OF CONGRESS CONTROL NUMBER | |
| LC control number | 79001519 //r82 |
| 020 ## - INTERNATIONAL STANDARD BOOK NUMBER | |
| International Standard Book Number | 0800783670 : |
| 040 ## - CATALOGING SOURCE | |
| Original cataloging agency | DLC |
| Transcribing agency | DLC |
| Modifying agency | BSC |
| 043 ## - GEOGRAPHIC AREA CODE | |
| Geographic area code | s-gy--- |
| 082 ## - DEWEY DECIMAL CLASSIFICATION NUMBER | |
| Classification number | 289.9 |
| Item number | W5821D |
| 092 ## - LOCALLY ASSIGNED DEWEY CALL NUMBER (OCLC) | |
| Classification number | 289.9 |
| Item number | W586d |
| 100 1# - MAIN ENTRY--PERSONAL NAME | |
| Personal name | White, Mel, |
| Dates associated with a name | 1940- |
| 245 10 - TITLE STATEMENT | |
| Title | Deceived / |
| Statement of responsibility, etc. | Mel White, with Paul Scotchmer and Marguerite Shuster. |
| 260 ## - PUBLICATION, DISTRIBUTION, ETC. | |
| Place of publication, distribution, etc. | Old Tappan, N.J. : |
| Name of publisher, distributor, etc. | Fleming H. Revell, |
| Date of publication, distribution, etc. | c1979. |
| 300 ## - PHYSICAL DESCRIPTION | |
| Extent | 231 p. : |
| Other physical details | ill. ; |
| Dimensions | 18 cm. |
| 500 ## - GENERAL NOTE | |
| General note | A Spire book. |
| 600 10 - SUBJECT ADDED ENTRY--PERSONAL NAME | |
| Personal name | Jones, Jim, |
| Dates associated with a name | 1931-1978. |
| 650 #0 - SUBJECT ADDED ENTRY--TOPICAL TERM | |
| Topical term or geographic name entry element | Jonestown Mass Suicide, Jonestown, Guyana, 1978. |
| 650 #0 - SUBJECT ADDED ENTRY--TOPICAL TERM | |
| Topical term or geographic name entry element | Mass suicide |
| Geographic subdivision | Guyana. |
| 700 1# - ADDED ENTRY--PERSONAL NAME | |
| Personal name | Scotchmer, Paul. |
| 700 1# - ADDED ENTRY--PERSONAL NAME | |
| Personal name | Shuster, Marguerite. |
| 942 ## - ADDED ENTRY ELEMENTS (KOHA) | |
| Source of classification or shelving scheme | Dewey Decimal Classification |
| Koha item type | Books |
| Withdrawn status | Lost status | Source of classification or shelving scheme | Damaged status | Not for loan | Collection code | Home library | Current library | Shelving location | Date acquired | Cost, normal purchase price | Total Checkouts | Full call number | Barcode | Date last seen | Price effective from | Koha item type |
|---|---|---|---|---|---|---|---|---|---|---|---|---|---|---|---|---|
| Dewey Decimal Classification | Non-fiction | Harvest Mission College | Harvest Mission College | General Stacks | 08.09.2018 | 210.00 | 289.9 W5821D | 003089 | 08.09.2018 | 08.09.2018 | Books |
